000
00258nam a2200097Ia 4500
001
797125
005
20250826170801.0
008
250824s9999 xx 000 0 und d
245
0
_a
SEVGİ NEREDEYSE TANRI ORADADIR
_c
TOLSTOY
260
_b
ANTİK DÜNYA KLASİKLERİ
999
_c
797125
_d
797125